000 00591nam a2200169 i 4500
001 29930
003 ES-MaACL
005 20230906154119.0
007 t|
008 030123s1935 fr ||||1| fre d
100 1 _aBasilio
_cSanto, Obispo de Cesárea.
_926292
245 1 0 _aAux jeunes gens sur la manière de tirer profit des lettres helleniques /
_cSaint Basile ; text ètabli et traduit par L'abbè Fernand Boulenger.
260 _aParís :
_b[s.n.,
_c1935] (
_eChartres :
_fDurand)
300 _a74 p. ;
_c21 cm.
700 1 _aBoulenger, Fernand.
_930909
852 _aES-MaACL
_j1798-F-22
999 _c29930
_d29930